Rappeurs par lettre - A - Statistiques

Statistiques générales
  • Ce quiz a été pris 329 fois
  • Le résultat moyen est 5 sur 15
Statistiques - réponses
Albums notable Réponse % Correct
Deux frères, Le monde Chico (membre du groupe) Ademo
93%
Don daa mixtape, Une Main Lave L'autre Alpha Wann
74%
Stone, Capo dei capi Alonzo
61%
Les marches de l'empereur, Alkpote
57%
Metèque et Mat, Comme un aimant Akhenaton
49%
Free Splash, RIYAD SADIO Ashe 22
37%
Cracheur de venin, Gravé dans la roche (membre du groupe) Aketo
27%
Quelques gouttes suffisent Arsenik
27%
Rakailles, Scarface d'Afrique Alpha 5.20
22%
Tokyo, Delorean musique Ateyaba
20%
Rédemption, Une rose et une lame A2H
10%
Addictions, Indigo Aladin 135
6%
Triste fête AM La Scampia
5%
Cruise, Mila 809 Ashh Kid
5%
L'homicide volontaire Assassin
5%
Aucun quiz correspondant
Distribution des résultats
% des personnes avec chaque résultat
Percentile par nombre de réponses
Votre historique - résultats
Vous n’avez pas pris ce quiz